000
00281nam a22001217a 4500
008
190227b xxu||||| |||| 00| 0 eng d
041
_a
eng
080
_a
616.8
100
_a
7
101
_a
NEU
245
_a
The Critically III Neurosurgical Patient
_c
Nikas,D.L
942
_2
udc
_c
BK
999
_c
54339
_d
54339